Discurso del método: meditaciones metafísicas
Guardat en:
| Autor principal: | |
|---|---|
| Altres autors: | |
| Format: | Llibre |
| Idioma: | espanyol |
| Publicat: |
Madrid
Espasa
2000
|
| Col·lecció: | Colección Austral, 166
|
| Matèries: | |
| Etiquetes: |
Afegir etiqueta
Sense etiquetes, Sigues el primer a etiquetar aquest registre!
|
MARC
| LEADER | 00000cam a2200000 a 4500 | ||
|---|---|---|---|
| 001 | UCO5998 | ||
| 003 | CL-VaPUC | ||
| 005 | 20240902144226.0 | ||
| 008 | 000929e20000000SP |||||||||||||||||spa|d | ||
| 999 | |c 291793 |d 291791 | ||
| 020 | |a 8423919668 | ||
| 040 | |c Pontificia Universidad Católica de Valparaíso | ||
| 082 | 0 | 4 | |a 141 |b DES |2 21 |
| 100 | |a Descartes, René |e autor |9 265906 | ||
| 245 | 1 | 0 | |a Discurso del método: meditaciones metafísicas |
| 260 | |a Madrid |b Espasa |c 2000 | ||
| 300 | |a 199 p | ||
| 490 | 0 | |a Colección Austral, 166 | |
| 583 | |a last modification |c 20150408 04:54:18 |k Rodrigo Vera | ||
| 650 | 0 | |a Metafísica |9 265649 | |
| 650 | 0 | |a Teología |9 258766 | |
| 650 | 0 | |a Teoría del conocimiento |9 255038 | |
| 700 | |a García Morente, Manuel |e autor |9 347175 | ||
| 942 | |c BK |2 ddc | ||
| 945 | |d 20000929 00:00:00 |a vberengu | ||
| 952 | |0 0 |1 0 |4 0 |6 141_000000000000000_DES_2000 |7 0 |8 R |9 341985 |a BIBEDU |b BIBEDU |c MCIRC |d 2019-11-20 |i 3652785 |l 3 |o 141 DES 2000 |p 3652785 |r 2024-06-12 |s 2024-06-10 |w 2019-11-20 |y BK_R |k LIT | ||
| 952 | |0 0 |1 0 |3 erb |4 0 |6 141_000000000000000_DES_2000 |7 0 |8 A |9 341986 |a BIBHIS |b BIBHIS |e Villagrán Garnham, Jorge |i 5159105 |l 1 |o 141 DES 2000 |p 5159105 |r 2025-01-20 |s 2023-08-14 |w 2019-11-20 |y BK |z Catalogado en:20150416 |k HIS | ||